00585ngm a2200193 4500003000400000005001700004007000500021008004100026010002000067024002100087035002000108040001300128082001500141245011100156260003200267300004700299440003100346650001400377dpl20081118165758.0DVD ||||||sp199 xxu|||||c ||| 00| 0 ng d  aDVD-001152-1154 aYRD 60174c99.00 aDVD-001152-1154 aDPLcDPL aDVD / BEST aBest of Four Songs :cYas Raj Films Presentsh[videorecording] DVD/bKabhi Kabhie, Silsila, Lamhe, Chandni bYash Raj Home Entertainment a1 Audiodisc DVD ; bsd., c4 3/4 in.fDVD aYas Raj Home Entertainment aAudio DVD